00784nam a2200205Ia 4500003000900000008004100009020001800050040001600068080002200084245012500106260003200231300002300263650004100286650002000327700003200347700003300379942000700412999001700419952014200436IN-BaIIA211028s9999 xx 000 0 eng d a0-07-039742-2 cIIA Library a538.975(035)bMAI 0aHandbook of thin film technologycedited by Leon I. Maissel and Reinhard Glang  aNew YorkbMcGraw-Hillc1983 a[various pagings.] aAstronomy and Astrophysics Thesaurus aHandbooks95453 aGlang, Reinhard, ed.917529 aMaissel, Leon I., ed.917530 cBK c10313d10313 00104070aBANbBANcGENd1992-01-31g3875.30l1o538.975(035)/ MAIp11223r2021-12-10s2021-12-08v3875.30w1992-01-31yBKGRs. 3875.30